[Event "EGY-chT"]
[Site "Egypt"]
[Date "2016.05.10"]
[Round "6.6"]
[White "Abdel Aziz, Alaa"]
[Black "Mokhtar, Ahmed"]
[Result "0-1"]
[WhiteElo "1985"]
[BlackElo "2336"]
[PlyCount "116"]
[EventDate "2016.05.05"]
[EventType "team-tourn"]
[EventRounds "9"]
[EventCountry "EGY"]
[SourceTitle "CBM 172 Extra"]
[Source "ChessBase"]
[SourceDate "2016.06.21"]
[SourceVersion "1"]
[SourceVersionDate "2016.06.21"]
[SourceQuality "1"]
[WhiteTeam "Hawamdia"]
[BlackTeam "Elhawar"]
[WhiteTeamCountry "EGY"]
[BlackTeamCountry "EGY"]

1. d4 Nf6 2. c4 c5 3. d5 d6 4. Nc3 g6 5. e4 Bg7 6. h3 Na6 7. Be3 Nc7 8. Qd2 h6 9. g4 a6 10. a4 Rb8 11. a5 b5 12. axb6 Rxb6 13. Bg2 h5 14. g5 Nd7 15. f4 Rb4 16. Ra4 Rb8 17. Bf1 Nb6 18. Ra2 0-0 19. Nf3 e6 20. dxe6 Bxe6 21. b3 Qe7 22. Bd3 Qd7 23. Ng1 Rbe8 24. Nce2 Nc8 25. Bc2 Ne7 26. Kf2 Nc6 27. Nf3 Nb4 28. Ra4 Nxc2 29. Qxc2 Bxh3 30. Qd3 Bg4 31. Rh4 Qc6 32. Nd2 Bxe2 33. Kxe2 Ne6 34. Qd5 Qxd5 35. cxd5 Nc7 36. Kd3 Rb8 37. Rh1 Rb5 38. Rb1 f6 39. gxf6 Bxf6 40. Kc2 Re8 41. Kd3 Kf7 42. Nc4 Be7 43. Kc2 Bf8 44. Rd1 Reb8 45. Rd3 Rb4 46. Rxb4 cxb4 47. e5 Nb5 48. Bd2 a5 49. e6+ Kf6 50. Nxa5 Rc8+ 51. Kd1 Kf5 52. Nc6 Nc7 53. Nxb4 Bh6 54. Nc6 Re8 55. Ke2 Bxf4 56. Kf3 Bxd2 57. Rxd2 g5 58. Nd4+ Ke5 0-1

[Event "Arab Clubs-chT"]
[Site "Agadir"]
[Date "2015.10.14"]
[Round "3.2"]
[White "Hifad, Rachid"]
[Black "Mokhtar, Ahmed"]
[Result "0-1"]
[WhiteElo "2210"]
[BlackElo "2271"]
[PlyCount "69"]
[EventDate "2015.10.13"]
[EventType "team-swiss"]
[EventRounds "9"]
[EventCountry "MAR"]
[SourceTitle "CBM 170 Extra"]
[Source "ChessBase"]
[SourceDate "2016.02.25"]
[SourceVersion "1"]
[SourceVersionDate "2016.02.25"]
[SourceQuality "1"]
[WhiteTeam "Raja Casa"]
[BlackTeam "Al Hawar"]
[WhiteTeamCountry "MAR"]
[BlackTeamCountry "EGY"]

1. d4 Nf6 2. Nf3 e6 3. e3 b6 4. c4 Bb7 5. Bd3 c5 6. 0-0 Be7 7. Nc3 0-0 8. d5 exd5 9. cxd5 d6 10. e4 Nbd7 11. h3 a6 12. a4 Ne8 13. Bf4 Bf6 14. Qd2 Ne5 15. Be2 Nc7 16. Rab1 Nxf3+ 17. Bxf3 b5 18. g4 b4 19. Ne2 g6 20. Ng3 a5 21. Be2 Ba6 22. Rbc1 Re8 23. Bc4 Bxc4 24. Rxc4 Rc8 25. Qd3 Bxb2 26. Rc2 Bg7 27. Rb1 Qd7 28. Kg2 Rcd8 29. Ra2 Qc8 30. Rc2 Qa6 31. Rc4 Na8 32. Rbc1 Nb6 33. Qb3 Qb7 34. R4c2 Qd7 35. f3 0-1

[Event "Al Ain op 1st"]
[Site "Al Ain"]
[Date "2012.12.27"]
[Round "7"]
[White "Mokhtar, Ahmed"]
[Black "Tabatabaei, Mohammad Amin"]
[Result "0-1"]
[WhiteElo "2282"]
[BlackElo "2134"]
[PlyCount "88"]
[EventDate "2012.12.22"]
[EventType "swiss"]
[EventRounds "9"]
[EventCountry "UAE"]
[SourceTitle "CBM 152 Extra"]
[Source "ChessBase"]
[SourceDate "2013.02.25"]
[SourceVersion "1"]
[SourceVersionDate "2013.02.25"]
[SourceQuality "1"]

1. d4 Nf6 2. Nf3 d5 3. c4 c6 4. Nc3 e6 5. Bg5 dxc4 6. e4 b5 7. e5 h6 8. Bh4 g5 9. Nxg5 hxg5 10. Bxg5 Nbd7 11. g3 Bb7 12. Bg2 Qb6 13. exf6 0-0-0 14. 0-0 Ne5 15. dxe5 Rxd1 16. Rfxd1 b4 17. Ne4 c5 18. Rac1 Bd5 19. h4 Qc6 20. Rxc4 Kb8 21. b3 Bxc4 22. bxc4 Qa6 23. Rd7 Qxa2 24. Nd6 Bxd6 25. Rb7+ Kc8 26. exd6 Rd8 27. Rc7+ Kb8 28. Rxc5 Rxd6 29. Bf4 Qa1+ 30. Kh2 Qd4 31. Rb5+ Kc8 32. c5 e5 33. Bh3+ Rd7 34. Be3 Qc4 35. Ra5 Kd8 36. Bxd7 Kxd7 37. Rxa7+ Kc6 38. h5 b3 39. h6 Qe4 40. Ra6+ Kc7 41. Ra7+ Kc6 42. Ra6+ Kc7 43. Bd2 b2 44. Ba5+ Kc8 0-1

[Event "Al Ain op 1st"]
[Site "Al Ain"]
[Date "2012.12.26"]
[Round "5"]
[White "Mokhtar, Ahmed"]
[Black "Golizadeh, Asghar"]
[Result "0-1"]
[WhiteElo "2282"]
[BlackElo "2476"]
[PlyCount "104"]
[EventDate "2012.12.22"]
[EventType "swiss"]
[EventRounds "9"]
[EventCountry "UAE"]
[SourceTitle "CBM 152 Extra"]
[Source "ChessBase"]
[SourceDate "2013.02.25"]
[SourceVersion "1"]
[SourceVersionDate "2013.02.25"]
[SourceQuality "1"]

1. e4 c5 2. c3 Nf6 3. e5 Nd5 4. d4 cxd4 5. Qxd4 e6 6. Bd3 Nc6 7. Qe4 f5 8. Qe2 Qc7 9. Nf3 Ncb4 10. Bb5 a6 11. Ba4 b5 12. Bb3 Nb6 13. 0-0 N4d5 14. a4 bxa4 15. Bxa4 Be7 16. Bc2 0-0 17. Bd3 Bb7 18. Na3 Rfb8 19. Nc2 a5 20. Nfd4 a4 21. Na3 Bc5 22. Nab5 Qd8 23. Rd1 Qh4 24. Nf3 Qh5 25. Bd2 Ne7 26. Ne1 Qxe2 27. Bxe2 Ba6 28. Bc1 Nc6 29. Nf3 Rb7 30. Kf1 h6 31. h4 Kf8 32. h5 Ke7 33. Ra2 Rab8 34. b4 Nd5 35. bxc5 Bxb5 36. Bxb5 Nxc3 37. Bxc6 dxc6 38. Nd4 Ke8 39. Rad2 Nxd1 40. Rxd1 Rb1 41. Ke2 R8b4 42. Nxc6 Re4+ 43. Kf3 a3 44. Rd8+ Kf7 45. Rd7+ Kg8 46. Ne7+ Kh7 47. Rd8 Rxc1 48. g3 Rg4 49. Ra8 Rxc5 50. Kg2 Rg5 51. Rxa3 Rxh5 52. f4 Rc7 0-1

[Event "Al Ain op 1st"]
[Site "Al Ain"]
[Date "2012.12.24"]
[Round "3"]
[White "Abtini, Hasan"]
[Black "Mokhtar, Ahmed"]
[Result "0-1"]
[WhiteElo "1935"]
[BlackElo "2282"]
[PlyCount "84"]
[EventDate "2012.12.22"]
[EventType "swiss"]
[EventRounds "9"]
[EventCountry "UAE"]
[SourceTitle "CBM 152 Extra"]
[Source "ChessBase"]
[SourceDate "2013.02.25"]
[SourceVersion "1"]
[SourceVersionDate "2013.02.25"]
[SourceQuality "1"]

1. e4 e6 2. d3 d5 3. Nd2 c5 4. Ngf3 Nc6 5. g3 g6 6. Bg2 Bg7 7. 0-0 Nge7 8. Re1 b6 9. Nf1 h6 10. h4 Bb7 11. a3 Qd7 12. e5 Qc7 13. Qe2 Nd4 14. Nxd4 cxd4 15. Bf4 Nc6 16. g4 g5 17. hxg5 hxg5 18. Bg3 0-0-0 19. Nd2 Kb8 20. Nf3 Bh6 21. Qd2 Ka8 22. b4 Rc8 23. Rec1 Bg7 24. Re1 Rcg8 25. Re2 Bf8 26. b5 Ne7 27. Nxd4 Ng6 28. Nf3 Nh4 29. d4 Be7 30. a4 Rc8 31. a5 Kb8 32. axb6 axb6 33. Ra4 Qd7 34. Qd3 Rc4 35. Qb3 Rhc8 36. Bxh4 gxh4 37. Rd2 h3 38. Bh1 Rc3 39. Qb2 Qc7 40. Ne1 Rg8 41. Rd3 Rxg4+ 42. Kf1 Rc4 0-1

[Event "Cairo Egyptian op"]
[Site "Cairo"]
[Date "2012.11.19"]
[Round "8"]
[White "Mokhtar, Ahmed"]
[Black "Labib, Ibrahim Hasan"]
[Result "0-1"]
[WhiteElo "2269"]
[BlackElo "2415"]
[PlyCount "120"]
[EventDate "2012.11.12"]
[EventType "swiss"]
[EventRounds "9"]
[EventCountry "EGY"]
[SourceTitle "EXT 2014"]
[Source "ChessBase"]
[SourceDate "2013.11.20"]
[SourceVersion "1"]
[SourceVersionDate "2013.11.20"]
[SourceQuality "1"]

1. d4 Nf6 2. Nf3 e6 3. e3 c5 4. Bd3 d5 5. b3 Nc6 6. 0-0 Bd6 7. Bb2 0-0 8. Nbd2 b6 9. a3 Bb7 10. Ne5 Rc8 11. f4 Ne7 12. Qf3 cxd4 13. exd4 Rc7 14. Qh3 Ng6 15. g3 Ne4 16. Ndf3 Be7 17. a4 Qc8 18. Rfc1 Nxe5 19. Nxe5 f6 20. Nf3 f5 21. a5 b5 22. Bxb5 Rxc2 23. Bd3 Rc7 24. Qf1 Bd6 25. a6 Bc6 26. Bb5 Bxb5 27. Qxb5 Qb8 28. Qd3 Rfc8 29. Kg2 h6 30. Rxc7 Rxc7 31. Rc1 Rxc1 32. Bxc1 Qb4 33. Be3 Qc3 34. Qxc3 Nxc3 35. Ne5 Bxe5 36. dxe5 Nb5 37. Kf3 Kf7 38. Ke2 Ke8 39. Kd3 Kd7 40. Bc5 g6 41. b4 Kc6 42. h3 h5 43. Ke3 Nc7 44. g4 hxg4 45. hxg4 Nxa6 46. gxf5 gxf5 47. Bxa7 Nxb4 48. Kd2 Kb5 49. Kc3 Nc6 50. Bf2 Na5 51. Bg1 Nb7 52. Bf2 Nc5 53. Be3 Ne4+ 54. Kb3 Ka5 55. Ka3 Ng3 56. Kb3 Ne2 57. Kc2 Kb4 58. Kd3 Ng3 59. Kd4 Ne4 60. Kd3 Kb3 0-1

[Event "Cairo Egyptian op"]
[Site "Cairo"]
[Date "2012.11.17"]
[Round "6"]
[White "Hesham, Abdelrahman"]
[Black "Mokhtar, Ahmed"]
[Result "0-1"]
[WhiteElo "2346"]
[BlackElo "2269"]
[PlyCount "120"]
[EventDate "2012.11.12"]
[EventType "swiss"]
[EventRounds "9"]
[EventCountry "EGY"]
[SourceTitle "EXT 2014"]
[Source "ChessBase"]
[SourceDate "2013.11.20"]
[SourceVersion "1"]
[SourceVersionDate "2013.11.20"]
[SourceQuality "1"]

1. d4 b5 2. e4 Bb7 3. Bxb5 Bxe4 4. Nf3 Nf6 5. 0-0 e6 6. Nc3 Bb7 7. Bg5 Be7 8. Re1 0-0 9. Bd3 d6 10. Bxf6 Bxf6 11. Ne4 Bxe4 12. Bxe4 d5 13. Bd3 c5 14. c4 cxd4 15. cxd5 exd5 16. Nxd4 Bxd4 17. Bxh7+ Kxh7 18. Qxd4 Nc6 19. Qg4 Re8 20. Rxe8 Qxe8 21. Qh5+ Kg8 22. Qxd5 Rd8 23. Qc5 Rd2 24. h3 Qd7 25. Rc1 Rd1+ 26. Rxd1 Qxd1+ 27. Kh2 Qd7 28. b4 Qc7+ 29. Kg1 Qb6 30. Qf5 Nxb4 31. Qc8+ Kh7 32. Qc4 a5 33. a3 Nc6 34. Qxf7 Qb1+ 35. Kh2 Qg6 36. Qd5 Qe8 37. f4 a4 38. h4 g6 39. h5 gxh5 40. Qf5+ Kg7 41. Qg5+ Qg6 42. Qb5 Qe4 43. Qg5+ Kf8 44. f5 Qe5+ 45. Kh1 Qa1+ 46. Kh2 Qg7 47. Qxh5 Ne5 48. Qh4 Ng4+ 49. Kh3 Nf6 50. Qxa4 Qh7+ 51. Kg3 Qxf5 52. Qa8+ Kg7 53. Qa7+ Kg6 54. Qe3 Ne4+ 55. Kh2 Qh5+ 56. Kg1 Qd1+ 57. Kh2 Qd6+ 58. Kg1 Nf6 59. Qf3 Qd4+ 60. Kh2 Ng4+ 0-1

[Event "Golden Cleopatra op 7th"]
[Site "Cairo"]
[Date "2003.06.04"]
[Round "4"]
[White "Vysochin, Spartak"]
[Black "Mokhtar, Ahmed"]
[Result "1-0"]
[WhiteElo "2551"]
[BlackElo "2309"]
[PlyCount "75"]
[EventDate "2003.06.03"]
[EventType "swiss"]
[EventRounds "10"]
[EventCountry "EGY"]
[SourceTitle "CBM 094 Extra"]
[Source "ChessBase"]
[SourceDate "2003.07.09"]
[SourceVersion "2"]
[SourceVersionDate "2003.07.09"]
[SourceQuality "1"]

1. e4 e6 2. d4 d5 3. e5 c5 4. c3 Nc6 5. Nf3 Bd7 6. a3 f6 7. Bd3 fxe5 8. dxe5 Qc7 9. Qe2 0-0-0 10. c4 dxc4 11. Bxc4 Nge7 12. 0-0 h6 13. Nc3 Nf5 14. Nb5 Qb6 15. b4 a6 16. Nd6+ Nxd6 17. bxc5 Qxc5 18. exd6 Bxd6 19. Rb1 b5 20. Bxe6 Rhe8 21. Bxd7+ Kxd7 22. Be3 Re4 23. Rbc1 Qxa3 24. Ra1 Qb3 25. Rxa6 g5 26. Nd2 Qc2 27. Qxb5 Re5 28. Qb7+ Bc7 29. Nf3 Rd5 30. Bb6 Rc8 31. Raa1 Qg6 32. Ne5+ Nxe5 33. Qxd5+ Qd6 34. Qb5+ Ke6 35. Bxc7 Rxc7 36. Rfe1 Rc5 37. Qe8+ Kf6 38. Ra7 1-0

[Event "Cairo op"]
[Site "Cairo"]
[Date "1998.??.??"]
[Round "8"]
[White "Mokhtar, Ahmed"]
[Black "Abo Elnasr, Mohamed"]
[Result "1/2-1/2"]
[WhiteElo "2180"]
[BlackElo "2165"]
[PlyCount "103"]
[EventDate "1998.??.??"]
[EventType "swiss"]
[EventRounds "10"]
[EventCountry "EGY"]
[SourceTitle "EXT 1999"]
[Source "ChessBase"]
[SourceDate "1998.11.16"]
[SourceVersion "1"]
[SourceVersionDate "1998.11.16"]
[SourceQuality "1"]

1. e4 c5 2. Nf3 Nc6 3. Bb5 g6 4. 0-0 Bg7 5. c3 e5 6. d4 cxd4 7. cxd4 Nxd4 8. Nxd4 exd4 9. f4 Ne7 10. f5 Nc6 11. f6 Bf8 12. Kh1 a6 13. Bc4 d6 14. Bd5 Qb6 15. Na3 Ne5 16. Nc4 Nxc4 17. Bxc4 h5 18. Qa4+ Qc6 19. Qb3 Qd7 20. Bd5 h4 21. h3 Rh5 22. Bd2 Bh6 23. Bxh6 Rxh6 24. Rad1 g5 25. Rxd4 g4 26. Rd3 Kf8 27. e5 gxh3 28. gxh3 Qe8 29. Re3 Be6 30. Bxe6 Qxe6 31. Qxb7 Re8 32. Rg1 Rxf6 33. exf6 Qxe3 34. Qg2 Qe4 35. Qxe4 Rxe4 36. Rd1 Re6 37. Rf1 Ke8 38. Rf4 d5 39. Rxh4 Re1+ 40. Kg2 Re2+ 41. Kf3 Rxb2 42. Rd4 Rxa2 43. Rxd5 a5 44. h4 a4 45. Re5+ Kf8 46. Ra5 Kg8 47. Kg4 Kh7 48. Kh5 Rf2 49. Kg5 Rg2+ 50. Kf5 Rf2+ 51. Kg5 Rg2+ 52. Kf5 1/2-1/2